[Event "Philadelphia Open"]
[Site "Philadelphia"]
[Date "2012.04.05"]
[Round "3.1"]
[White "Bachmann, Axel"]
[Black "Erenburg, Sergey"]
[Result "1/2-1/2"]
[WhiteElo "2556"]
[BlackElo "2616"]
[PlyCount "137"]
[EventDate "2012.04.??"]
[EventType "swiss"]
[EventRounds "9"]
[EventCountry "USA"]
[TimeControl "6000+1435"]
[WhiteClock "0:21:12"]
[BlackClock "0:09:59"]

1. Nf3 d5 2. g3 c6 3. Bg2 Nf6 4. O-O Bg4 5. d3 e6 6. Nbd2 Be7 7. e4 O-O 8. h3
Bh5 9. g4 Bg6 10. Ne5 dxe4 11. Nxg6 hxg6 12. Nxe4 Nxe4 13. Bxe4 e5 14. f4 exf4
15. Bxf4 Bd6 16. Be3 Qh4 17. Bg2 Nd7 18. Qd2 Rae8 19. Rf3 Ne5 20. Rf2 Nd7 21.
Raf1 Qe7 22. Bf4 Bxf4 23. Qxf4 Nc5 24. Qb4 g5 25. d4 Ne6 26. Qxe7 Rxe7 27. Re1
Rd7 28. c3 Nf4 29. Bf1 Rfd8 30. h4 Ne6 31. hxg5 Nxg5 32. Rf5 f6 33. Bd3 Kf8 34.
Ref1 Ke7 35. Re1+ Kd6 36. Kg2 Rh8 37. Rff1 Rdd8 38. Bf5 Rh4 39. Rh1 Rxh1 40.
Rxh1 c5 41. Rd1 Kc6 42. Kf2 cxd4 43. Rxd4 Rxd4 44. cxd4 b6 45. Ke3 Kd5 46. Bc2
Ne6 47. Bb3+ Kd6 48. Ke4 g6 49. Bc2 Ng7 50. Kf4 f5 51. gxf5 Nxf5 52. Be4 Ke6
53. Kg5 Nxd4 54. Bxg6 Ke5 55. Kg4 Ne2 56. Kf3 Nc1 57. Ke3 Nxa2 58. Kd3 Nb4+ 59.
Kc4 Nc6 60. b4 Kd6 61. Be4 Nb8 62. Bg6 Na6 63. Be4 Nc7 64. Bb7 Ne8 65. Bf3 Nc7
66. Bb7 Ke5 67. Bc6 Ke6 68. Bf3 Kd6 69. Kd4 1/2-1/2

[Event "Philadelphia Open"]
[Site "Philadelphia"]
[Date "2012.04.05"]
[Round "3.2"]
[White "Kacheishvili, Giorgi"]
[Black "Shabalov, Alexander"]
[Result "1/2-1/2"]
[WhiteElo "2612"]
[BlackElo "2523"]
[PlyCount "53"]
[EventDate "2012.04.??"]
[EventType "swiss"]
[EventRounds "9"]
[EventCountry "USA"]
[TimeControl "6000+1425"]
[WhiteClock "0:55:58"]
[BlackClock "0:18:36"]

1. d4 d5 2. c4 c6 3. Nf3 Nf6 4. Nc3 e6 5. Bg5 h6 6. Bh4 dxc4 7. e4 g5 8. Bg3 b5
9. Be2 Bb7 10. h4 g4 11. Ne5 Nbd7 12. Bxg4 Rg8 13. Bf3 Rxg3 14. fxg3 Nxe5 15.
dxe5 Nd7 16. Bh5 Nxe5 17. O-O Bc5+ 18. Kh2 Qxd1 19. Raxd1 Ke7 20. b3 cxb3 21.
axb3 Rg8 22. Kh3 Rg7 23. Rd2 a6 24. Rfd1 Rg8 25. Ne2 Be3 26. Rc2 Bf2 27. Bf3
1/2-1/2

[Event "Philadelphia Open"]
[Site "Philadelphia"]
[Date "2012.04.05"]
[Round "3.3"]
[White "Friedel, Joshua E"]
[Black "Hammer, Jon Ludvig"]
[Result "0-1"]
[WhiteElo "2520"]
[BlackElo "2606"]
[PlyCount "94"]
[EventDate "2012.04.??"]
[EventType "swiss"]
[EventRounds "9"]
[EventCountry "USA"]
[TimeControl "6000+2535"]
[WhiteClock "0:18:15"]
[BlackClock "0:26:58"]

1. e4 e5 2. Nf3 Nc6 3. Bb5 Nf6 4. O-O Nxe4 5. d4 Nd6 6. Bxc6 dxc6 7. dxe5 Nf5
8. Qxd8+ Kxd8 9. Nc3 Bd7 10. h3 b6 11. Bf4 Be7 12. Rad1 Kc8 13. g4 Nh4 14. Nxh4
Bxh4 15. Bg3 Be7 16. f4 f5 17. e6 Bxe6 18. Rfe1 Re8 19. Rd2 g6 20. g5 Bd6 21.
h4 Kb7 22. Rde2 Bf7 23. Kg2 Rxe2+ 24. Rxe2 a5 25. a4 Bb4 26. Be1 Bc4 27. Re3
Bc5 28. Rh3 Re8 29. Bf2 Bd6 30. b3 Bf7 31. Kf3 Bb4 32. Bd4 c5 33. Bf6 c4 34.
bxc4 Bxc4 35. Rh2 Re1 36. h5 Bd6 37. hxg6 hxg6 38. Rh6 Bf8 39. Rh7 Bd6 40. Rg7
Rf1+ 41. Kg2 Rc1 42. Rxg6 Rxc2+ 43. Kf3 Bb4 44. Nb5 Be1 45. Rg7 Bd5+ 46. Ke3
Bf2+ 47. Kd3 Be4# 0-1

[Event "Philadelphia Open"]
[Site "Philadelphia"]
[Date "2012.04.05"]
[Round "3.4"]
[White "Kaidanov, Gregory"]
[Black "Gerzhoy, Leonid"]
[Result "1-0"]
[WhiteElo "2598"]
[BlackElo "2489"]
[PlyCount "93"]
[EventDate "2012.04.??"]
[EventType "swiss"]
[EventRounds "9"]
[EventCountry "USA"]
[TimeControl "6000+1285"]
[WhiteClock "0:24:46"]
[BlackClock "0:18:49"]

1. d4 Nf6 2. c4 e6 3. Nc3 Bb4 4. e3 c5 5. a3 Bxc3+ 6. bxc3 O-O 7. Ne2 Nc6 8.
Ng3 d6 9. Bd3 e5 10. O-O Re8 11. d5 Ne7 12. f4 exf4 13. exf4 b5 14. f5 bxc4 15.
Bxc4 Qa5 16. Bg5 Qxc3 17. Rc1 Qxa3 18. Bxf6 Qe3+ 19. Kh1 gxf6 20. Bb5 Bb7 21.
Bxe8 Rxe8 22. Re1 Qh6 23. Rb1 Bxd5 24. Rxe7 Rxe7 25. Qxd5 Qe3 26. Rf1 Qe5 27.
Qf3 d5 28. Qg4+ Kf8 29. Nh5 Ke8 30. Qh4 Kd8 31. Nxf6 Kc8 32. Nxd5 Rd7 33. Nf6
Rd6 34. Nh5 Qxf5 35. Ng3 Qd7 36. Qxh7 Rd1 37. h4 Rxf1+ 38. Nxf1 c4 39. Qe4 Qc7
40. Ne3 c3 41. h5 Qc5 42. g4 Qd6 43. Qc4+ Kd8 44. Qxc3 Qe6 45. Qd4+ Ke8 46.
Qxa7 Qe4+ 47. Kh2 1-0

[Event "Philadelphia Open"]
[Site "Philadelphia"]
[Date "2012.04.05"]
[Round "3.5"]
[White "Stripunsky, Alexander"]
[Black "Shahade, Gregory"]
[Result "1-0"]
[WhiteElo "2566"]
[BlackElo "2475"]
[PlyCount "73"]
[EventDate "2012.04.??"]
[EventType "swiss"]
[EventRounds "9"]
[EventCountry "USA"]

1. d4 Nf6 2. Nf3 g6 3. Bf4 Bg7 4. e3 O-O 5. Be2 c5 6. Nbd2 b6 7. O-O Bb7 8. a4
Nc6 9. c3 d6 10. h3 Rc8 11. Bh2 Qc7 12. Re1 Rfd8 13. Bc4 e6 14. Bf1 Qe7 15. Qb1
d5 16. Ne5 Nd7 17. Nxc6 Rxc6 18. b4 cxb4 19. cxb4 e5 20. b5 Re6 21. Nf3 exd4
22. Nxd4 Rc8 23. Rc1 Rxc1 24. Qxc1 Bxd4 25. exd4 Nf8 26. a5 Qe8 27. Qc7 Re7 28.
Qb8 Qxb8 29. Bxb8 Bc8 30. Rc1 Be6 31. a6 h5 32. g3 Nh7 33. Rc7 Rxc7 34. Bxc7
Bc8 35. Bb8 Nf6 36. Bxa7 Nd7 37. Bg2 1-0

[Event "Philadelphia Open"]
[Site "Philadelphia"]
[Date "2012.04.05"]
[Round "3.9"]
[White "Homa, Seth"]
[Black "Panchanathan, Magesh Chandran"]
[Result "0-1"]
[WhiteElo "2306"]
[BlackElo "2557"]
[PlyCount "110"]
[EventDate "2012.04.??"]
[EventType "swiss"]
[EventRounds "9"]
[EventCountry "USA"]

1. e4 e5 2. Nf3 Nc6 3. Bb5 a6 4. Ba4 Nf6 5. O-O Be7 6. Re1 b5 7. Bb3 d6 8. c3
O-O 9. d4 Bg4 10. d5 Na5 11. Bc2 c6 12. h3 Bc8 13. dxc6 Qc7 14. Nbd2 Qxc6 15.
Nf1 Re8 16. Ng3 h6 17. Qe2 Bf8 18. a4 Be6 19. axb5 axb5 20. Bd3 Bc4 21. Nd2
Bxd3 22. Qxd3 d5 23. b4 dxe4 24. Ngxe4 Nxe4 25. Qxe4 Qxe4 26. Rxe4 Nc6 27. Rb1
f5 28. Re1 e4 29. Nb3 Ra2 30. Be3 Ne5 31. Ra1 Rb2 32. Reb1 Rxb1+ 33. Rxb1 Nd3
34. Nd4 f4 35. Bd2 Re5 36. Kf1 Bd6 37. Ra1 e3 38. Be1 Rd5 39. Ra8+ Kh7 40. Ke2
Nxe1 41. Kxe1 Bxb4 42. Nxb5 Be7 43. Nd4 Bh4 44. g3 exf2+ 45. Kxf2 Bxg3+ 46. Kf3
Rh5 47. Ne6 Rxh3 48. c4 Rh2 49. Kg4 Kg6 50. Ra7 h5+ 51. Kf3 Rf2+ 52. Ke4 Re2+
53. Kd5 h4 54. Nd4 Rd2 55. Ke4 Rxd4+ 0-1

[Event "Philadelphia Open"]
[Site "Philadelphia"]
[Date "2012.04.05"]
[Round "3.10"]
[White "Naroditsky, Daniel"]
[Black "Bartell, Thomas"]
[Result "1/2-1/2"]
[WhiteElo "2479"]
[BlackElo "2365"]
[PlyCount "71"]
[EventDate "2012.04.??"]
[EventType "swiss"]
[EventRounds "9"]
[EventCountry "USA"]

1. e4 c5 2. Nf3 g6 3. d4 cxd4 4. Nxd4 Nc6 5. c4 Nf6 6. Nc3 Nxd4 7. Qxd4 d6 8.
Bg5 Bg7 9. Qd2 O-O 10. Bd3 a5 11. O-O a4 12. Rac1 Bd7 13. Kh1 Bc6 14. f4 Qa5
15. Qe2 e6 16. Bh4 Rfe8 17. Be1 Qh5 18. Qf2 Nd7 19. Bd2 Qc5 20. Qe2 Qb6 21. Rb1
Nc5 22. Bc2 Rad8 23. Qf2 Qb4 24. Qe2 Qb6 25. Be3 Qb4 26. Rfd1 f5 27. Bd2 Qb6
28. Be1 Nxe4 29. Nxe4 fxe4 30. Bh4 Rd7 31. Bxe4 Bxe4 32. Qxe4 Qc6 33. Qe2 Rf7
34. Bg3 e5 35. fxe5 Bxe5 36. Re1 1/2-1/2

[Event "Philadelphia Open"]
[Site "Philadelphia"]
[Date "2012.04.05"]
[Round "3.11"]
[White "Kavutskiy, Konstantin"]
[Black "Managadze, Nikoloz"]
[Result "0-1"]
[WhiteElo "2302"]
[BlackElo "2475"]
[PlyCount "126"]
[EventDate "2012.04.??"]
[EventType "swiss"]
[EventRounds "9"]
[EventCountry "USA"]

1. d4 d6 2. Nf3 g6 3. c4 Bg7 4. Nc3 c6 5. e4 Bg4 6. Be2 Qb6 7. Be3 Bxf3 8. gxf3
Nd7 9. Qd2 Qc7 10. f4 e6 11. h4 h5 12. Bd3 Ne7 13. f3 a6 14. b4 a5 15. b5 c5
16. d5 exd5 17. cxd5 O-O 18. Rc1 Rfe8 19. Rg1 Qd8 20. Kd1 Nc8 21. f5 Ne5 22.
fxg6 fxg6 23. Bg5 Qd7 24. Rg3 Nxd3 25. Qxd3 c4 26. Qe3 Kh7 27. a4 Ne7 28. Qg1
Ng8 29. Be3 Qf7 30. Ne2 Be5 31. f4 Bf6 32. f5 gxf5 33. Qf1 Bxh4 34. Rf3 Rxe4
35. Rxf5 Qg6 36. Rf7+ Kh8 37. Bd4+ Rxd4+ 38. Nxd4 Bf6 39. Rxf6 Nxf6 40. Qxc4
Re8 41. Ne6 Qg1+ 42. Kc2 Qg2+ 43. Kb3 Qxd5 44. Qxd5 Nxd5 45. Rh1 Nf6 46. Nf4
Re3+ 47. Kb2 Kg8 48. Nxh5 Nd5 49. Rd1 Nb6 50. Rd4 Kf7 51. Nf4 Re7 52. Nd5 Nxd5
53. Rxd5 Ke6 54. Rd4 d5 55. Rh4 Kd6 56. Kc3 Re3+ 57. Kd4 Re4+ 58. Rxe4 dxe4 59.
Kxe4 Kc5 60. b6 Kb4 61. Kd5 Kxa4 62. Kd6 Kb5 63. Kc7 Ka6 0-1

[Event "Philadelphia Open"]
[Site "Philadelphia"]
[Date "2012.04.06"]
[Round "4.1"]
[White "Hammer, Jon Ludvig"]
[Black "Kaidanov, Gregory"]
[Result "1/2-1/2"]
[WhiteElo "2606"]
[BlackElo "2598"]
[PlyCount "171"]
[EventDate "2012.04.??"]
[EventType "swiss"]
[EventRounds "9"]
[EventCountry "USA"]
[TimeControl "6000+1445"]
[WhiteClock "0:15:24"]
[BlackClock "0:09:17"]

1. d4 Nf6 2. c4 e6 3. Nc3 Bb4 4. Nf3 c5 5. g3 Nc6 6. Bg2 Ne4 7. Bd2 Nxd2 8.
Qxd2 cxd4 9. Nxd4 Qb6 10. e3 Ne5 11. b3 O-O 12. O-O Qa5 13. Rfc1 a6 14. a3 Be7
15. b4 Qd8 16. c5 d5 17. cxd6 Qxd6 18. Ne4 Qd8 19. Nc5 Rb8 20. Qc3 Ng6 21. Qc2
e5 22. Nf5 b6 23. Na4 Be6 24. Rd1 Qe8 25. Nc3 Rc8 26. Be4 a5 27. bxa5 bxa5 28.
h4 h5 29. Qd3 Bc5 30. Qe2 Ne7 31. Nxe7+ Bxe7 32. Qxh5 f5 33. Qxe8 Rfxe8 34. Bd5
Bxh4 35. Nb5 Bxd5 36. Rxd5 Bf6 37. Nd6 Red8 38. Rad1 Rc3 39. Rxa5 Be7 40. Rad5
Rxd6 41. Rxd6 Bxd6 42. Rxd6 Rxa3 43. Rd5 f4 44. Rxe5 fxg3 45. f3 Kf7 46. Kg2
Kf6 47. Re8 Kf7 48. Re4 g5 49. Kxg3 Kf6 50. Kg4 Ra1 51. Rb4 Rg1+ 52. Kh3 Re1
53. e4 Rg1 54. Kh2 Ra1 55. Kg3 Rg1+ 56. Kf2 Ra1 57. Rb6+ Kf7 58. Rd6 Rb1 59.
Ke3 Rb3+ 60. Rd3 Rb4 61. Ra3 Ke6 62. Kd3 Rb1 63. Ra6+ Kf7 64. e5 Rb4 65. Rf6+
Kg7 66. Ke3 Ra4 67. Rd6 Kf7 68. Rd4 Ra1 69. Ke4 Re1+ 70. Kf5 Re3 71. Rd7+ Ke8
72. Rg7 Rxf3+ 73. Ke6 Kf8 74. Rxg5 Ra3 75. Kf6 Rf3+ 76. Ke6 Ra3 77. Rf5+ Ke8
78. Kf6 Ra6+ 79. e6 Ra1 80. Rh5 Rf1+ 81. Rf5 Rxf5+ 82. Kxf5 Ke7 83. Ke5 Ke8 84.
Kf6 Kf8 85. e7+ Ke8 86. Ke6 1/2-1/2

[Event "Philadelphia Open"]
[Site "Philadelphia"]
[Date "2012.04.06"]
[Round "4.2"]
[White "Erenburg, Sergey"]
[Black "Stripunsky, Alexander"]
[Result "1-0"]
[WhiteElo "2616"]
[BlackElo "2566"]
[PlyCount "149"]
[EventDate "2012.04.??"]
[EventType "swiss"]
[EventRounds "9"]
[EventCountry "USA"]
[TimeControl "6000+1105"]
[WhiteClock "0:02:19"]
[BlackClock "0:02:49"]

1. e4 c5 2. Nf3 e6 3. d4 cxd4 4. Nxd4 a6 5. Bd3 Nf6 6. O-O e5 7. Bg5 d6 8. Nf5
Be6 9. Nc3 Nbd7 10. Qe2 Rc8 11. Kh1 h6 12. Bd2 Bxf5 13. exf5 Be7 14. f4 O-O 15.
g4 exf4 16. Bxf4 Ne5 17. g5 hxg5 18. Bxg5 Re8 19. Rg1 Nh7 20. Bxe7 Qxe7 21. Qg2
Qf8 22. Nd5 Nd7 23. f6 Ndxf6 24. Nxf6+ Nxf6 25. Raf1 Re6 26. Bf5 Rce8 27. Bxe6
Rxe6 28. Qxb7 d5 29. Re1 Qe8 30. Rxe6 Qxe6 31. Qb8+ Kh7 32. Qf4 Ne4 33. Rf1 Nd6
34. Qf3 g6 35. Qf6 Qe4+ 36. Qf3 Qe6 37. Rd1 Ne4 38. Re1 f5 39. Rg1 Qb6 40. b3
Qd4 41. h3 Nf2+ 42. Kh2 Ne4 43. Qf4 Qf6 44. h4 Qe6 45. Qc7+ Kh6 46. Qf4+ Kh7
47. h5 g5 48. Rxg5 Nxg5 49. Qxg5 Qe2+ 50. Qg2 Qe5+ 51. Kh3 Qc3+ 52. Kh4 Qd4+
53. Kh3 Qc3+ 54. Kh4 Qd4+ 55. Kg3 Kh6 56. Qe2 Kg5 57. h6 Kxh6 58. Qxa6+ Kg5 59.
Qe2 f4+ 60. Kf3 Qc3+ 61. Qd3 Qe5 62. a4 Qe6 63. Kf2 Qb6+ 64. Kg2 Qe6 65. a5
Qg4+ 66. Kf2 Qh4+ 67. Kg2 Qg4+ 68. Kf1 Qd7 69. a6 Kg4 70. Qg6+ Kf3 71. Qg2+ Ke3
72. Qf2+ Ke4 73. a7 Qb7 74. Qe2+ Kf5 75. Qh5+ 1-0

[Event "Philadelphia Open"]
[Site "Philadelphia"]
[Date "2012.04.06"]
[Round "4.3"]
[White "Shabalov, Alexander"]
[Black "Gelashvili, Tamaz"]
[Result "1-0"]
[WhiteElo "2523"]
[BlackElo "2619"]
[PlyCount "69"]
[EventDate "2012.04.??"]
[EventType "swiss"]
[EventRounds "9"]
[EventCountry "USA"]
[TimeControl "6000+2375"]
[WhiteClock "0:03:52"]
[BlackClock "0:01:13"]

1. Nf3 Nf6 2. c4 e6 3. g3 d5 4. d4 Bb4+ 5. Bd2 Be7 6. Bg2 c6 7. Qc2 b6 8. b3
Bb7 9. O-O Nbd7 10. Nc3 Rc8 11. Bf4 O-O 12. e4 c5 13. exd5 exd5 14. Rad1 dxc4
15. d5 cxb3 16. axb3 Re8 17. Ng5 Bf8 18. Bh3 c4 19. Ne6 fxe6 20. dxe6 Bc6 21.
bxc4 Bb4 22. exd7 Nxd7 23. Nd5 Bc5 24. Bf5 h6 25. Bxh6 gxh6 26. Bxd7 Qg5 27.
Bxc8 Rxc8 28. Qe4 Kh8 29. Qe6 Bb7 30. Qd7 Ba6 31. Nc7 Rxc7 32. Qxc7 Bxc4 33.
Qxa7 Bxf1 34. Kxf1 Qf6 35. Qa1 1-0

[Event "Philadelphia Open"]
[Site "Philadelphia"]
[Date "2012.04.06"]
[Round "4.4"]
[White "Managadze, Nikoloz"]
[Black "Kacheishvili, Giorgi"]
[Result "0-1"]
[WhiteElo "2475"]
[BlackElo "2612"]
[PlyCount "96"]
[EventDate "2012.04.??"]
[EventType "swiss"]
[EventRounds "9"]
[EventCountry "USA"]
[TimeControl "6000+1370"]
[WhiteClock "0:27:40"]
[BlackClock "0:40:24"]

1. e4 c6 2. d4 d5 3. exd5 cxd5 4. Bd3 Nc6 5. c3 Qc7 6. h3 e6 7. Nf3 Bd6 8. O-O
f6 9. Re1 Qf7 10. c4 Nge7 11. a3 O-O 12. Nc3 g5 13. b4 Ng6 14. Qb3 Nce7 15. Ra2
Bd7 16. Nb5 Bxb5 17. cxb5 Rfe8 18. Rae2 Nf8 19. g3 Neg6 20. Bxg5 fxg5 21. Nxg5
Qf6 22. Nxe6 Nxe6 23. Bxg6 hxg6 24. Qxd5 Kf7 25. Rxe6 Rxe6 26. Rxe6 Qxe6 27.
Qxb7+ Bc7 28. Qxa8 Bb6 29. Qf3+ Qf6 30. Kg2 Bxd4 31. a4 Qxf3+ 32. Kxf3 Ke6 33.
a5 Kd6 34. h4 Bc3 35. a6 Kc7 36. Ke4 Be1 37. g4 Bxf2 38. h5 gxh5 39. gxh5 Kb6
40. h6 Bh4 41. h7 Bf6 42. Kd5 Kxb5 43. Kd6 Kb6 44. Kd7 Bc3 45. Kc8 Kxa6 46. Kb8
Kb6 47. b5 Bb2 48. Ka8 Be5 0-1

[Event "Philadelphia Open"]
[Site "Philadelphia"]
[Date "2012.04.06"]
[Round "4.7"]
[White "Gurevich, Dmitry"]
[Black "Bachmann, Axel"]
[Result "1/2-1/2"]
[WhiteElo "2466"]
[BlackElo "2556"]
[PlyCount "25"]
[EventDate "2012.04.??"]
[EventType "swiss"]
[EventRounds "9"]
[EventCountry "USA"]

1. d4 Nf6 2. c4 e6 3. Nf3 b6 4. g3 Bb4+ 5. Bd2 a5 6. Bg2 Bb7 7. O-O O-O 8. Bg5
Be7 9. Nc3 Ne4 10. Bxe7 Qxe7 11. Qc2 Nxc3 12. Qxc3 d6 13. Rfe1 1/2-1/2

[Event "Philadelphia Open"]
[Site "Philadelphia"]
[Date "2012.04.06"]
[Round "4.9"]
[White "Vucic, Mladen"]
[Black "Friedel, Joshua E"]
[Result "1/2-1/2"]
[WhiteElo "2328"]
[BlackElo "2520"]
[PlyCount "38"]
[EventDate "2012.04.??"]
[EventType "swiss"]
[EventRounds "9"]
[EventCountry "USA"]

1. d4 Nf6 2. Nf3 e6 3. Bg5 c5 4. c3 Be7 5. e3 b6 6. Nbd2 Bb7 7. Bd3 h6 8. Bh4
O-O 9. O-O cxd4 10. cxd4 Nc6 11. a3 Rc8 12. Qe2 d5 13. Rac1 Ne4 14. Bxe7 Nxe7
15. Ba6 Bxa6 16. Qxa6 Nxd2 17. Nxd2 Rc7 18. Nb3 Qc8 19. Qxc8 f6 1/2-1/2

[Event "Philadelphia Open"]
[Site "Philadelphia"]
[Date "2012.04.06"]
[Round "4.10"]
[White "Gerzhoy, Leonid"]
[Black "Betaneli, Aleksandr"]
[Result "1-0"]
[WhiteElo "2489"]
[BlackElo "2263"]
[PlyCount "87"]
[EventDate "2012.04.??"]
[EventType "swiss"]
[EventRounds "9"]
[EventCountry "USA"]

1. Nf3 d5 2. d4 Nf6 3. c4 e6 4. Nc3 Be7 5. Bg5 h6 6. Bh4 O-O 7. e3 b6 8. Bxf6
Bxf6 9. Qd2 Bb7 10. cxd5 exd5 11. O-O-O c5 12. g4 cxd4 13. exd4 Bg5 14. Nxg5
Qxg5 15. Qxg5 hxg5 16. Bg2 Rd8 17. Rhe1 Kf8 18. Re5 f6 19. Bxd5 Bxd5 20. Rxd5
Rxd5 21. Nxd5 Nc6 22. Ne3 Ke8 23. Nf5 g6 24. Ne3 Kd7 25. Nd5 Rf8 26. h3 f5 27.
Ne3 fxg4 28. Nxg4 Kd6 29. d5 Ne7 30. Rd3 a5 31. Kd1 b5 32. Ke2 Rf5 33. Ne3 Rf4
34. Rd1 Nf5 35. Rg1 Nxe3 36. fxe3 Rh4 37. Rxg5 Rxh3 38. Kd3 Rh2 39. e4 Rxb2 40.
Rxg6+ Kd7 41. e5 Rxa2 42. Rg7+ Kd8 43. d6 Ra1 44. Kd4 1-0

[Event "Philadelphia Open"]
[Site "Philadelphia"]
[Date "2012.04.06"]
[Round "4.11"]
[White "Ardaman, Miles"]
[Black "Naroditsky, Daniel"]
[Result "0-1"]
[WhiteElo "2254"]
[BlackElo "2479"]
[PlyCount "42"]
[EventDate "2012.04.??"]
[EventType "swiss"]
[EventRounds "9"]
[EventCountry "USA"]

1. e4 c5 2. Nc3 a6 3. d3 e6 4. g4 b5 5. Bg2 Ne7 6. Nh3 Ng6 7. O-O Nc6 8. f4 Be7
9. Nd5 exd5 10. exd5 Bb7 11. dxc6 Bxc6 12. Bxc6 dxc6 13. Qf3 Qd7 14. Re1 h5 15.
f5 hxg4 16. Qxg4 O-O-O 17. a4 b4 18. Re4 Bd6 19. Bg5 Ne5 20. Qg2 f6 21. Be3 g6
0-1

[Event "Philadelphia Open"]
[Site "Philadelphia"]
[Date "2012.04.06"]
[Round "4.12"]
[White "Shahade, Gregory"]
[Black "Aaron, Deepak"]
[Result "1-0"]
[WhiteElo "2475"]
[BlackElo "2234"]
[PlyCount "46"]
[EventDate "2012.04.??"]
[EventType "swiss"]
[EventRounds "9"]
[EventCountry "USA"]

1. d4 d5 2. c4 c6 3. Nf3 Nf6 4. e3 a6 5. Nc3 b5 6. b3 Bg4 7. Qc2 Bxf3 8. gxf3
Nbd7 9. f4 bxc4 10. bxc4 c5 11. dxc5 e6 12. cxd5 Bxc5 13. dxe6 fxe6 14. Bc4 Qe7
15. O-O Nb6 16. Na4 Nxa4 17. Qxa4+ Kf8 18. Qc6 Re8 19. Rb1 h5 20. Rb7 Qd6 21.
Qxd6+ Bxd6 22. Rd1 Bc5 23. f5 exf5 1-0

[Event "Philadelphia Open"]
[Site "Philadelphia"]
[Date "2012.04.06"]
[Round "4.18"]
[White "Gu, Christopher"]
[Black "Santana, Mauricio"]
[Result "0-1"]
[WhiteElo "2196"]
[BlackElo "2335"]
[PlyCount "144"]
[EventDate "2012.04.??"]
[EventType "swiss"]
[EventRounds "9"]
[EventCountry "USA"]

1. Nf3 c5 2. c4 Nc6 3. Nc3 g6 4. e3 Nf6 5. d4 cxd4 6. exd4 d5 7. cxd5 Nxd5 8.
Qb3 Nxc3 9. Bc4 e6 10. bxc3 Be7 11. Bh6 Qa5 12. O-O Qh5 13. Bg7 Rg8 14. Be5
Nxe5 15. Nxe5 Kf8 16. Rfe1 Bd6 17. f4 Qf5 18. Rf1 Rb8 19. Bd3 Qf6 20. Be4 Kg7
21. c4 Qd8 22. Qc3 f6 23. c5 Bc7 24. Nc4 Qe7 25. Ne3 Rf8 26. g3 b6 27. c6 b5
28. Rad1 a5 29. Rfe1 Bd6 30. Qb2 Qc7 31. Bg2 Rf7 32. Kh1 h5 33. d5 e5 34. f5 g5
35. Qe2 Kh6 36. Bf3 g4 37. Bxg4 hxg4 38. Qxg4 Kh7 39. Qg6+ Kh8 40. Qh5+ Kg7 41.
g4 Kf8 42. g5 fxg5 43. Qxg5 Qe7 44. Qh6+ Ke8 45. Rg1 Kd8 46. c7+ Kxc7 47. Rc1+
Kb7 48. Rg6 Rh7 49. f6 Qf7 50. Rg7 Rxh6 51. Rxf7+ Ka8 52. Rc6 Bb4 53. Rcc7 Bb7
54. Kg1 Bd6 55. Rc2 Rf8 56. Rxf8+ Bxf8 57. f7 Kb8 58. Rg2 Rf6 59. Rf2 Rxf2 60.
Kxf2 Kc7 61. Kf3 Kd6 62. Ke4 Bc8 63. h4 Bg7 64. Nd1 Ke7 65. Nf2 Kxf7 66. Nd3
Kf6 67. Nc5 Bf5+ 68. Ke3 Bh6+ 69. Kf3 a4 70. d6 Bf8 71. d7 Ke7 72. h5 Kd8 0-1

[Event "Philadelphia Open"]
[Site "Philadelphia"]
[Date "2012.04.06"]
[Round "5.1"]
[White "Kacheishvili, Giorgi"]
[Black "Shankland, Samuel L"]
[Result "0-1"]
[WhiteElo "2612"]
[BlackElo "2580"]
[PlyCount "76"]
[EventDate "2012.04.??"]
[EventType "swiss"]
[EventRounds "9"]
[EventCountry "USA"]
[TimeControl "6000+1530"]
[WhiteClock "0:01:14"]
[BlackClock "0:11:26"]

1. d4 Nf6 2. Nf3 g6 3. Bg5 Bg7 4. Nbd2 O-O 5. c3 d6 6. e4 c5 7. dxc5 dxc5 8.
Bc4 Nc6 9. O-O Na5 10. Be2 Be6 11. Bf4 h6 12. h3 Qb6 13. Qc2 Rfd8 14. Rfe1 Rac8
15. Bf1 Nd7 16. e5 Qc7 17. Bd3 Nc6 18. Bxg6 fxg6 19. Qxg6 Nf8 20. Qg3 Kh7 21.
Ne4 b6 22. Re3 Qd7 23. Bxh6 Bxh6 24. Nfg5+ Kh8 25. Qh4 Kg7 26. Nf6 exf6 27.
exf6+ Kg6 28. Rg3 Bxg5 29. Rxg5+ Kxf6 30. Re1 Kf7 31. f4 Ke8 32. f5 Qe7 33.
fxe6 Rd6 34. Qh5+ Kd8 35. Qh8 Qxg5 36. Qxf8+ Kc7 37. e7 Nxe7 38. Rxe7+ Rd7 0-1

[Event "Philadelphia Open"]
[Site "Philadelphia"]
[Date "2012.04.06"]
[Round "5.2"]
[White "Panchanathan, Magesh Chandran"]
[Black "Hammer, Jon Ludvig"]
[Result "1/2-1/2"]
[WhiteElo "2557"]
[BlackElo "2606"]
[PlyCount "74"]
[EventDate "2012.04.??"]
[EventType "swiss"]
[EventRounds "9"]
[EventCountry "USA"]
[TimeControl "6000+1210"]
[WhiteClock "0:03:51"]
[BlackClock "0:07:44"]

1. Nf3 d5 2. g3 g6 3. Bg2 Bg7 4. c4 d4 5. d3 a5 6. O-O Nf6 7. Qa4+ Qd7 8. Qa3
Nc6 9. Bd2 Ra6 10. Qa4 Nb4 11. Qxd7+ Nxd7 12. Na3 c6 13. b3 e5 14. Rfc1 Nc5 15.
Bxb4 axb4 16. Nc2 Rb6 17. Rcb1 e4 18. Nfe1 exd3 19. Nxd3 Nxd3 20. exd3 Bf5 21.
Bf1 c5 22. a3 bxa3 23. Rxa3 O-O 24. b4 cxb4 25. Rxb4 Rxb4 26. Nxb4 Rb8 27. Rb3
Be5 28. Bg2 Bd6 29. h3 Bxb4 30. Rxb4 Bxd3 31. c5 Rc8 32. Rxd4 Bb5 33. Bxb7 Rxc5
34. Bf3 h5 35. h4 Bc6 36. Bxc6 Rxc6 37. Kg2 Kg7 1/2-1/2

[Event "Philadelphia Open"]
[Site "Philadelphia"]
[Date "2012.04.06"]
[Round "5.3"]
[White "Kaidanov, Gregory"]
[Black "Shabalov, Alexander"]
[Result "1/2-1/2"]
[WhiteElo "2598"]
[BlackElo "2523"]
[PlyCount "49"]
[EventDate "2012.04.??"]
[EventType "swiss"]
[EventRounds "9"]
[EventCountry "USA"]
[TimeControl "6000+855"]
[WhiteClock "0:25:24"]
[BlackClock "0:43:11"]

1. d4 Nf6 2. c4 g6 3. Nc3 Bg7 4. e4 d6 5. Nf3 O-O 6. Be2 e5 7. Be3 c6 8. d5 Ng4
9. Bg5 f6 10. Bh4 Na6 11. O-O h5 12. Nd2 c5 13. h3 Nh6 14. g4 hxg4 15. hxg4 Nf7
16. Kg2 Bh6 17. Rh1 Kg7 18. Nf1 Rh8 19. Ne3 Bd7 20. Qd2 Qe7 21. Bg3 Bf4 22.
Rag1 Ng5 23. f3 Nf7 24. a3 Rag8 25. Nb5 1/2-1/2

[Event "Philadelphia Open"]
[Site "Philadelphia"]
[Date "2012.04.06"]
[Round "5.4"]
[White "Shahade, Gregory"]
[Black "Akobian, Varuzhan"]
[Result "0-1"]
[WhiteElo "2475"]
[BlackElo "2621"]
[PlyCount "108"]
[EventDate "2012.04.??"]
[EventType "swiss"]
[EventRounds "9"]
[EventCountry "USA"]
[TimeControl "5400+1510"]
[WhiteClock "0:03:31"]
[BlackClock "0:16:20"]

1. e4 e6 2. d4 d5 3. Nd2 Nf6 4. e5 Nfd7 5. c3 c5 6. Bd3 Nc6 7. Ne2 Qb6 8. Nf3
cxd4 9. cxd4 f6 10. exf6 Nxf6 11. O-O Bd6 12. b3 e5 13. dxe5 Nxe5 14. Nxe5 Bxe5
15. Rb1 O-O 16. h3 Bd7 17. Bf4 Rae8 18. Qd2 Kh8 19. Bxe5 Rxe5 20. Ng3 Qd4 21.
Qb2 Qxb2 22. Rxb2 Rc8 23. Rd1 Kg8 24. Rbd2 Kf7 25. Be2 Rce8 26. Bf3 Re1+ 27.
Kh2 Rxd1 28. Rxd1 Be6 29. Nf1 Ke7 30. Ne3 Kd6 31. Nc4+ Kc5 32. Ne3 a5 33. Rc1+
Kd6 34. Kg1 b5 35. Kf1 Rc8 36. Rxc8 Bxc8 37. g4 d4 38. Nc2 Kc5 39. Ke2 b4 40.
Kd2 g5 41. Ne1 Ba6 42. Bg2 h6 43. Kd1 Nd5 44. Bxd5 Kxd5 45. Nf3 Ke4 46. Ne1 Bf1
47. Kd2 d3 48. f3+ Kf4 49. Nxd3+ Bxd3 50. Kxd3 Kxf3 51. Kc4 Kg3 52. Kb5 Kxh3
53. Kxa5 Kxg4 54. Kxb4 h5 0-1